La justicia durante el Porfiriato y la Revolución, 1898-1914 : los ferrocarrileros y tierras en 1898-1914 a través de los expedientes de la Suprema Corte de Justicia /

Obra en seis volúmenes, que ofrece un análisis panorámico de la administración de justicia de los últimos doce años del Porfirismo y los primeros cuatro de la Revolución. Para ello, aborda aspectos particulares, como los amparos presentados por miembros del ejército federal, los asuntos gremiales de...

詳細記述

保存先:
書誌詳細
第一著者: Kuntz Ficker, Sandra (autor)
団体著者: México. Poder Judicial de la Federación. Comisión para el Bicentenario de la Independencia y Centenario de la Revolución (prelim.)
その他の著者: Reyes Zapata, Mauro Miguel (prólogo) (prólogo)
フォーマット: 図書
言語:スペイン語
出版事項: México : Suprema Corte de Justicia de la Nación, 2010, c2010
シリーズ:(La Justicia durante el Porfiriato y la Revolución, 1898-1914 ; 3)
(Bicentenario Independencia, Centenario Revolución)
主題:
タグ: タグ追加
タグなし, このレコードへの初めてのタグを付けませんか!

MARC

LEADER 00000nam^a2200000^a^4500
001 000310418
005 20250521000000.0
009 20260310113014.092
020 |a 978-607-468-230-4 
037 |a Acervo ITESO - Biblioteca 
041 |a ESP 
082 |a 347. 72  |b JUS V. 3 
100 |a Kuntz Ficker, Sandra  |e (autor) 
240 1 4 |a [La justicia durante el Porfiriato y la Revolución, 1898-1914] 
245 1 3 |a La justicia durante el Porfiriato y la Revolución, 1898-1914 :  |b los ferrocarrileros y tierras en 1898-1914 a través de los expedientes de la Suprema Corte de Justicia /  |c S. Kuntz Ficker ; prelim. de la Comisión del Poder Judicial de la Federación para el Bicentenario de la Independencia y Centenario de la Revolución ; pról. de M.M. Reyes Zapata. 
264 4 |a México :  |b Suprema Corte de Justicia de la Nación,  |c 2010, c2010 
300 |a XXVIII, 238 p. 
336 |a texto  |b txt  |2 rdacontenido 
337 |a sin mediación  |b n  |2 rdamedio 
338 |a volumen  |b nc  |2 rdasoporte 
440 4 |a (La Justicia durante el Porfiriato y la Revolución, 1898-1914 ;  |v 3) 
440 1 |a (Bicentenario Independencia, Centenario Revolución) 
520 |a Obra en seis volúmenes, que ofrece un análisis panorámico de la administración de justicia de los últimos doce años del Porfirismo y los primeros cuatro de la Revolución. Para ello, aborda aspectos particulares, como los amparos presentados por miembros del ejército federal, los asuntos gremiales de los ferrocarrileros que llegaron a la Suprema Corte o la cuestión agraria durante el período, por citar algunos. La obra pone de manifiesto que, contra lo que el imaginario social puede suponer, durante el Porfirismo prevaleció en gran medida la separación de poderes y, para el caso que nos ocupa, la administración de justicia gozó en general de la independencia debida. 
534 |a Reproducción facsimilar de los documentos citados 
649 |a XX 
650 |a Ferrocarrileros -  |z México -  |x Tema Principal 
650 |a Ferrocarrileros -  |z México -  |x Historia -  |y Porfirismo, 1876-1911 
650 |a Ferrocarrileros -  |z México -  |x Historia -  |y Revolución, 1910-1917 
650 |a Ferrocarrileros -  |z México -  |x Historia -  |y Siglo XX 
650 |a Suprema Corte de Justicia -  |z México -  |x Tema Principal 
650 |a Suprema Corte de Justicia -  |z México -  |x Historia -  |y Porfirismo, 1876-1911 
650 |a Suprema Corte de Justicia -  |z México -  |x Historia -  |y Revolución, 1910-1917 
650 |a Suprema Corte de Justicia de la Nación -  |z México -  |x Historia -  |y Siglo XX 
650 |a Poder Judicial -  |z México -  |x Historia -  |y Porfirismo, 1876-1911 
650 |a Poder Judicial -  |z México -  |x Historia -  |y Revolución, 1910-1917 
650 |a Poder Judicial -  |z México -  |x Historia -  |y Siglo XX 
650 |a Amparo -  |z México -  |x Historia -  |x Tema Principal 
650 |a Amparo -  |z México -  |x Historia -  |y Porfirismo, 1876-1911 
650 |a Amparo -  |z México -  |x Historia -  |y Revolución, 1910-1917 
650 |a Amparo -  |z México -  |x Historia -  |y Siglo XX 
650 |a Ferrocarriles -  |z México -  |x Tema Principal 
650 |a Ferrocarriles -  |z México -  |x Historia -  |y Porfirismo, 1876-1911 
650 |a Ferrocarriles -  |z México -  |x Historia -  |y Revolución, 1910-1917 
650 |a Ferrocarriles -  |z México -  |x Historia -  |y Siglo XX 
650 |a Expropiación -  |z México -  |x Tema Principal 
650 |a Expropiación -  |z México -  |x Historia -  |y Porfirismo, 1876-1911 
650 |a Expropiación -  |z México -  |x Historia -  |y Revolución, 1910-1917 
650 |a Expropiación -  |z México -  |x Historia -  |y Siglo XX 
650 |a Justicia -  |x Administración -  |z México -  |x Historia -  |x Tema Principal 
650 |a Justicia -  |x Administración -  |z México -  |x Historia -  |y Porfirismo, 1876-1911 
650 |a Justicia -  |x Administración -  |z México -  |x Historia -  |y Revolución, 1910-1917 
650 |a Justicia -  |x Administración -  |z México -  |x Historia -  |y Siglo XX 
650 |a Derecho Constitucional -  |z México -  |x Historia -  |y Porfirismo, 1876-1911 
650 |a Derecho Constitucional -  |z México -  |x Historia -  |y Revolución, 1910-1917 
650 |a Derecho Constitucional -  |z México -  |x Historia -  |y Siglo XX 
650 |a Política -  |z México -  |x Historia -  |y Porfirismo, 1876-1911 
650 |a Política -  |z México -  |x Historia -  |y Revolución, 1910-1917 
650 |a Política -  |z México -  |x Historia -  |y Siglo XX 
650 |a México -  |x Historia -  |y Porfirismo, 1876-1911 
650 |a México -  |x Historia -  |y Revolución, 1910-1917 
650 |a México -  |x Historia -  |y Siglo XX 
710 |a México.  |b Poder Judicial de la Federación. Comisión para el Bicentenario de la Independencia y Centenario de la Revolución  |e (prelim.) 
700 |a Reyes Zapata, Mauro Miguel  |e (prólogo) 
910 |a Fondo General 
920 |a Impresos - Libros 
930 |a Obras de Referencia 
905 |a 102 
901 |a 0500197056  |b IT2  |c REF  |i D55106  |u 20250521 
902 |a https://opac.biblio.iteso.mx/vufind/Record/000310418